000 00970cam a2200217 4500
001 ABS63046
008 000000n2000 000 0 eng u
035 _a(Sirsi) u108999
100 _aDear, B.
245 _aTime for clarity in AGA saga
260 _c2000
490 _aEstates Gazette
_v(0042) 21 October 2000, 167-168(2)
520 _aConsiders the Landlord and Tenant (Covenants) Act 1995's stance on whether a guarantor can guarantee an authorised guarantee agreement (AGA). Notes that the Act's treatment of guarantors is ambiguous. Suggests this lack of clarity is having a highly distorting effect on deals, and is costing the property market both time and money. Suggests that a short amendment should solve this.
590 _aABS
650 _aGUARANTORS
650 _aLANDLORD AND TENANT (COVENANTS) ACT 1995
650 _aAUTHORISED GUARANTEE AGREEMENT
650 _aCOMMERCIAL LEASES
690 _aLANDLORD AND TENANT-LEASES
942 _n0
999 _c65095
_d65095